000 00457nam a22001817a 4500
003 MPLRDC
005 20220104161601.0
008 210129b ||||| |||| 00| 0 eng d
020 _a7-80679-992-3
082 _a875.9 KUE
100 _aSABINE KUEGLER
245 _a来自热带丛林的女孩
_c刘齐生译
250 _a一版一刷
260 _a中国
_b接力出版社
_c2005
300 _b248
650 _a德国文学
942 _cBK
_o875.9 KUE
999 _c55550
_d55540